KIRAN KIRANA ZEKA SORULARI (Record no. 668029)

MARC details
000 -LEADER
sabit uzunluktaki kontrol alanı 00249nam a2200097Ia 4500
001 - KONTROL NUMARASI
kontrol alanı 668029
005 - EN SON İŞLEMİN TARİH VE ZAMANI
kontrol alanı 20250826160341.0
008 - SABİT-UZUNLUKTA VERİ ÖĞELERİ--GENEL BİLGİ
sabit uzunluktaki kontrol alanı 250824s9999 xx 000 0 und d
245 #0 - ESER / YAZAR
ESER ADI KIRAN KIRANA ZEKA SORULARI
Yazar Adı ŞAKİR URAL
260 ## - YAYIN, DAĞITIM, VB.
YAYIN EVİ TİMAŞ YAYINLARI
Holdings
Düşüm durumu Kayıp durumu Hasar Durumu Ödünç verilmez Ana kütüphane Geçerli Kütüphane Edinilen tarih Toplam ödünç verme sayısı Barkod Son görüntüleme tarihi Son ödünç verme tarihi Fiyatın geçerli olmaya başladığı tarih Koha materyal türü
        ŞEHİT OSMAN DEMİR İLKOKULU ŞEHİT OSMAN DEMİR İLKOKULU 24.08.2025 1 10142577 13.04.2026 08.04.2026 26.08.2025 Books